[Event "DEM U12w 2024"]
[Site "Willingen GER"]
[Date "2024.05.22"]
[Round "5"]
[White "Luible, Antonia"]
[Black "Wang, Enya Marie"]
[Result "1/2-1/2"]
[Termination "normal"]
[Board "9"]
[WhiteElo "1347"]
[BlackElo "1614"]
[WhiteClock "00:03:53"]
[BlackClock "00:12:08"]
[PlyCount "85"]
[WhiteFideId "34681710"]
[BlackFideId "34660330"]
[EventCountry "GER"]
[EventRounds "9"]
[EventType "swiss"]
[EventDate "2024.05.18"]

1. d4 {[%clk 01:30:58]} {[%emt 00:00:01]} d5 {[%clk 01:30:50]} {[%emt
00:00:10]} 2. Nf3 {[%clk 01:31:23]} {[%emt 00:00:05]} Nf6 {[%clk 01:31:12]}
{[%emt 00:00:07]} 3. e3 {[%clk 01:31:13]} {[%emt 00:00:41]} c5 {[%clk
01:31:12]} {[%emt 00:00:30]} 4. b3 {[%clk 01:27:58]} {[%emt 00:03:46]} cxd4
{[%clk 01:28:56]} {[%emt 00:02:46]} 5. exd4 {[%clk 01:26:22]} {[%emt 00:02:05]}
Nc6 {[%clk 01:28:35]} {[%emt 00:00:51]} 6. Bb2 {[%clk 01:25:19]} {[%emt
00:01:34]} Bg4 {[%clk 01:27:51]} {[%emt 00:01:14]} 7. Be2 {[%clk 01:22:38]}
{[%emt 00:03:11]} e6 {[%clk 01:26:44]} {[%emt 00:01:35]} 8. a3 {[%clk
01:20:06]} {[%emt 00:03:04]} Be7 {[%clk 01:25:51]} {[%emt 00:01:23]} 9. Nbd2
{[%clk 01:18:26]} {[%emt 00:02:10]} O-O {[%clk 01:25:12]} {[%emt 00:01:09]} 10.
O-O {[%clk 01:17:59]} {[%emt 00:00:56]} Rc8 {[%clk 01:23:16]} {[%emt 00:02:26]}
11. Ne5 {[%clk 01:16:37]} {[%emt 00:01:52]} Bxe2 {[%clk 01:23:28]} {[%emt
00:00:18]} 12. Qxe2 {[%clk 01:16:52]} {[%emt 00:00:14]} Nd7 {[%clk 01:14:11]}
{[%emt 00:09:48]} 13. Ndf3 {[%clk 01:15:39]} {[%emt 00:01:42]} Ncxe5 {[%clk
01:10:11]} {[%emt 00:04:31]} 14. Nxe5 {[%clk 01:15:04]} {[%emt 00:01:05]} Bd6
{[%clk 01:07:47]} {[%emt 00:02:54]} 15. Rac1 {[%clk 01:07:56]} {[%emt
00:07:39]} Qe7 {[%clk 01:05:37]} {[%emt 00:02:40]} 16. Ra1 {[%clk 00:59:26]}
{[%emt 00:08:59]} Rc7 {[%clk 01:03:29]} {[%emt 00:02:39]} 17. Rfc1 {[%clk
00:58:13]} {[%emt 00:01:42]} Rfc8 {[%clk 01:01:54]} {[%emt 00:02:04]} 18. Nxd7
{[%clk 00:53:39]} {[%emt 00:05:05]} Qxd7 {[%clk 01:00:31]} {[%emt 00:01:54]}
19. Qd3 {[%clk 00:49:49]} {[%emt 00:04:20]} Rc6 {[%clk 00:59:12]} {[%emt
00:01:49]} 20. c3 {[%clk 00:43:43]} {[%emt 00:06:36]} Qc7 {[%clk 00:57:48]}
{[%emt 00:01:54]} 21. g3 {[%clk 00:39:45]} {[%emt 00:04:27]} f5 {[%clk
00:53:14]} {[%emt 00:05:05]} 22. f4 {[%clk 00:38:30]} {[%emt 00:01:46]} Qe7
{[%clk 00:52:24]} {[%emt 00:01:20]} 23. Qe3 {[%clk 00:36:36]} {[%emt 00:02:23]}
h6 {[%clk 00:48:06]} {[%emt 00:04:49]} 24. h4 {[%clk 00:33:18]} {[%emt
00:03:47]} Kf7 {[%clk 00:44:39]} {[%emt 00:03:57]} 25. Kg2 {[%clk 00:32:03]}
{[%emt 00:01:42]} Ke8 {[%clk 00:39:37]} {[%emt 00:05:35]} 26. Re1 {[%clk
00:29:44]} {[%emt 00:02:49]} Kd7 {[%clk 00:39:31]} {[%emt 00:00:36]} 27. h5
{[%clk 00:28:12]} {[%emt 00:02:02]} Rg8 {[%clk 00:38:17]} {[%emt 00:01:45]} 28.
Rh1 {[%clk 00:27:10]} {[%emt 00:01:32]} g5 {[%clk 00:36:31]} {[%emt 00:02:16]}
29. hxg6 {[%clk 00:26:53]} {[%emt 00:00:47]} Rxg6 {[%clk 00:36:28]} {[%emt
00:00:34]} 30. Rh3 {[%clk 00:24:18]} {[%emt 00:02:58]} Rc8 {[%clk 00:35:19]}
{[%emt 00:01:45]} 31. a4 {[%clk 00:22:34]} {[%emt 00:02:14]} Rcg8 {[%clk
00:33:47]} {[%emt 00:02:01]} 32. Kf2 {[%clk 00:21:32]} {[%emt 00:01:25]} Qf6
{[%clk 00:30:43]} {[%emt 00:03:41]} 33. Rg1 {[%clk 00:19:52]} {[%emt 00:02:06]}
Rg4 {[%clk 00:29:46]} {[%emt 00:01:32]} 34. Rhh1 {[%clk 00:16:41]} {[%emt
00:03:40]} Qg6 {[%clk 00:27:02]} {[%emt 00:03:15]} 35. Qf3 {[%clk 00:09:31]}
{[%emt 00:07:41]} Bxf4 {[%clk 00:25:50]} {[%emt 00:01:42]} 36. Rh3 {[%clk
00:08:29]} {[%emt 00:01:30]} Qg5 {[%clk 00:23:54]} {[%emt 00:02:27]} 37. c4
{[%clk 00:06:16]} {[%emt 00:02:44]} Kc7 {[%clk 00:21:00]} {[%emt 00:03:25]} 38.
gxf4 {[%clk 00:05:02]} {[%emt 00:01:43]} Qxf4 {[%clk 00:17:47]} {[%emt
00:03:44]} 39. Qxf4+ {[%clk 00:04:15]} {[%emt 00:01:16]} Rxf4+ {[%clk
00:17:40]} {[%emt 00:00:37]} 40. Ke3 {[%clk 00:04:06]} {[%emt 00:00:38]} Re4+
{[%clk 00:15:24]} {[%emt 00:02:47]} 41. Kf2 {[%clk 00:04:09]} {[%emt 00:00:26]}
Rf4+ {[%clk 00:12:56]} {[%emt 00:02:58]} 42. Ke3 {[%clk 00:03:36]} {[%emt
00:01:03]} Re4+ {[%clk 00:12:08]} {[%emt 00:01:17]} 43. Kf2 {[%clk 00:03:53]}
{[%emt 00:00:13]} 1/2-1/2

[Event "DEM U12w 2024"]
[Site "Willingen GER"]
[Date "2024.05.22"]
[Round "5"]
[White "Schmidt, Sophie"]
[Black "Heidtkamp, Anna"]
[Result "1-0"]
[Termination "normal"]
[Board "10"]
[WhiteElo "1257"]
[BlackElo "1622"]
[WhiteClock "00:28:07"]
[BlackClock "00:07:01"]
[PlyCount "79"]
[WhiteFideId "34682503"]
[BlackFideId "16269012"]
[EventCountry "GER"]
[EventRounds "9"]
[EventType "swiss"]
[EventDate "2024.05.18"]

1. d4 {[%clk 01:30:59]} {[%emt 19:46:41]} f5 {[%clk 01:30:56]} {[%emt
00:00:04]} 2. Nf3 {[%clk 01:31:19]} {[%emt 00:00:10]} Nf6 {[%clk 01:31:23]}
{[%emt 00:00:04]} 3. Bf4 {[%clk 01:31:31]} {[%emt 00:00:17]} e6 {[%clk
01:31:47]} {[%emt 00:00:06]} 4. e3 {[%clk 01:31:17]} {[%emt 00:00:43]} Be7
{[%clk 01:32:12]} {[%emt 00:00:06]} 5. Be2 {[%clk 01:30:40]} {[%emt 00:01:07]}
b6 {[%clk 01:32:32]} {[%emt 00:00:10]} 6. c4 {[%clk 01:29:39]} {[%emt
00:01:31]} Bb7 {[%clk 01:32:36]} {[%emt 00:00:27]} 7. Nc3 {[%clk 01:28:12]}
{[%emt 00:01:57]} c5 {[%clk 01:32:40]} {[%emt 00:00:25]} 8. O-O {[%clk
01:24:00]} {[%emt 00:04:42]} O-O {[%clk 01:32:50]} {[%emt 00:00:20]} 9. Nb5
{[%clk 01:17:20]} {[%emt 00:07:10]} Nc6 {[%clk 01:26:45]} {[%emt 00:06:35]} 10.
Nd6 {[%clk 01:14:52]} {[%emt 00:02:58]} Bxd6 {[%clk 01:25:15]} {[%emt
00:02:00]} 11. Bxd6 {[%clk 01:15:11]} {[%emt 00:00:11]} Rf7 {[%clk 01:07:05]}
{[%emt 00:18:40]} 12. Ng5 {[%clk 01:12:26]} {[%emt 00:03:14]} Rf8 {[%clk
01:03:48]} {[%emt 00:03:48]} 13. Bxf8 {[%clk 01:12:12]} {[%emt 00:00:44]} Qxf8
{[%clk 01:04:12]} {[%emt 00:00:07]} 14. a3 {[%clk 01:00:59]} {[%emt 00:11:43]}
h6 {[%clk 01:01:45]} {[%emt 00:02:56]} 15. Nf3 {[%clk 01:00:46]} {[%emt
00:00:44]} Ne4 {[%clk 00:59:08]} {[%emt 00:03:07]} 16. dxc5 {[%clk 01:00:08]}
{[%emt 00:01:08]} Qf7 {[%clk 00:53:14]} {[%emt 00:06:25]} 17. cxb6 {[%clk
00:55:48]} {[%emt 00:04:50]} axb6 {[%clk 00:53:20]} {[%emt 00:00:24]} 18. Qb3
{[%clk 00:55:19]} {[%emt 00:00:59]} Ra6 {[%clk 00:46:50]} {[%emt 00:07:00]} 19.
Rfd1 {[%clk 00:52:39]} {[%emt 00:03:08]} Nb8 {[%clk 00:40:02]} {[%emt
00:07:20]} 20. Ne5 {[%clk 00:49:53]} {[%emt 00:03:13]} Qe7 {[%clk 00:34:32]}
{[%emt 00:06:03]} 21. Qb4 {[%clk 00:43:59]} {[%emt 00:06:23]} Nc5 {[%clk
00:30:06]} {[%emt 00:04:58]} 22. Bf3 {[%clk 00:40:18]} {[%emt 00:04:07]} Bxf3
{[%clk 00:27:11]} {[%emt 00:03:30]} 23. Nxf3 {[%clk 00:40:32]} {[%emt
00:00:15]} Qf6 {[%clk 00:22:24]} {[%emt 00:05:16]} 24. Qc3 {[%clk 00:37:01]}
{[%emt 00:04:00]} Qe7 {[%clk 00:18:46]} {[%emt 00:04:09]} 25. b4 {[%clk
00:35:08]} {[%emt 00:02:24]} Ne4 {[%clk 00:18:28]} {[%emt 00:00:48]} 26. Qd3
{[%clk 00:33:44]} {[%emt 00:01:48]} d6 {[%clk 00:16:50]} {[%emt 00:02:14]} 27.
Nd2 {[%clk 00:33:34]} {[%emt 00:00:40]} Nf6 {[%clk 00:16:17]} {[%emt 00:01:03]}
28. Nb3 {[%clk 00:32:48]} {[%emt 00:01:17]} Ne8 {[%clk 00:15:33]} {[%emt
00:01:13]} 29. a4 {[%clk 00:31:46]} {[%emt 00:01:33]} Ra7 {[%clk 00:15:03]}
{[%emt 00:01:00]} 30. a5 {[%clk 00:30:38]} {[%emt 00:01:38]} bxa5 {[%clk
00:13:58]} {[%emt 00:01:36]} 31. Rxa5 {[%clk 00:30:51]} {[%emt 00:00:17]} Rb7
{[%clk 00:13:17]} {[%emt 00:01:11]} 32. b5 {[%clk 00:29:46]} {[%emt 00:01:34]}
Ra7 {[%clk 00:12:03]} {[%emt 00:01:45]} 33. Rda1 {[%clk 00:29:13]} {[%emt
00:01:01]} Rxa5 {[%clk 00:12:29]} {[%emt 00:00:05]} 34. Rxa5 {[%clk 00:29:31]}
{[%emt 00:00:13]} Qc7 {[%clk 00:12:05]} {[%emt 00:00:54]} 35. Qd4 {[%clk
00:28:09]} {[%emt 00:01:51]} Kf8 {[%clk 00:10:49]} {[%emt 00:01:47]} 36. Ra7
{[%clk 00:27:52]} {[%emt 00:00:46]} Qc8 {[%clk 00:10:17]} {[%emt 00:01:03]} 37.
c5 {[%clk 00:27:15]} {[%emt 00:01:07]} dxc5 {[%clk 00:09:37]} {[%emt 00:01:11]}
38. Qxc5+ {[%clk 00:27:35]} {[%emt 00:00:10]} Qxc5 {[%clk 00:09:56]} {[%emt
00:00:11]} 39. Nxc5 {[%clk 00:27:59]} {[%emt 00:00:06]} e5 {[%clk 00:07:01]}
{[%emt 00:03:25]} 40. Ra8 {[%clk 00:28:07]} {[%emt 00:00:21]} 1-0

[Event "DEM U12w 2024"]
[Site "Willingen GER"]
[Date "2024.05.22"]
[Round "5"]
[White "Jordan, Christina"]
[Black "Bharathula, Akhila"]
[Result "1-0"]
[Termination "normal"]
[Board "11"]
[WhiteElo "1802"]
[BlackElo "1420"]
[WhiteClock "00:10:52"]
[BlackClock "00:57:26"]
[PlyCount "67"]
[WhiteFideId "1347977"]
[BlackFideId "34641777"]
[EventCountry "GER"]
[EventRounds "9"]
[EventType "swiss"]
[EventDate "2024.05.18"]

1. e4 {[%clk 01:30:59]} {[%emt 15:24:32]} d5 {[%clk 01:30:53]} {[%emt
00:00:07]} 2. exd5 {[%clk 01:31:26]} {[%emt 00:00:03]} Qxd5 {[%clk 01:31:11]}
{[%emt 00:00:12]} 3. Nc3 {[%clk 01:31:52]} {[%emt 00:00:04]} Qa5 {[%clk
01:31:26]} {[%emt 00:00:14]} 4. d4 {[%clk 01:31:39]} {[%emt 00:00:44]} c6
{[%clk 01:31:40]} {[%emt 00:00:16]} 5. Nf3 {[%clk 01:29:12]} {[%emt 00:02:57]}
Nf6 {[%clk 01:31:10]} {[%emt 00:01:00]} 6. Bd2 {[%clk 01:25:41]} {[%emt
00:04:01]} Qc7 {[%clk 01:31:12]} {[%emt 00:00:27]} 7. Ne5 {[%clk 01:21:01]}
{[%emt 00:05:10]} e6 {[%clk 01:27:12]} {[%emt 00:04:30]} 8. Bf4 {[%clk
01:18:04]} {[%emt 00:03:27]} Bd6 {[%clk 01:24:25]} {[%emt 00:03:18]} 9. Qe2
{[%clk 01:14:39]} {[%emt 00:03:55]} Nbd7 {[%clk 01:22:20]} {[%emt 00:02:36]}
10. O-O-O {[%clk 01:12:29]} {[%emt 00:02:39]} a6 {[%clk 01:18:10]} {[%emt
00:04:41]} 11. g3 {[%clk 01:07:07]} {[%emt 00:05:52]} c5 {[%clk 01:15:37]}
{[%emt 00:03:04]} 12. Ne4 {[%clk 01:00:02]} {[%emt 00:07:34]} Nxe4 {[%clk
01:13:05]} {[%emt 00:03:01]} 13. Qxe4 {[%clk 00:58:07]} {[%emt 00:02:26]} cxd4
{[%clk 01:12:30]} {[%emt 00:01:05]} 14. Nxd7 {[%clk 00:58:04]} {[%emt
00:00:34]} Bxf4+ {[%clk 01:12:16]} {[%emt 00:00:43]} 15. gxf4 {[%clk 00:58:22]}
{[%emt 00:00:13]} Bxd7 {[%clk 01:11:57]} {[%emt 00:00:48]} 16. Qxd4 {[%clk
00:57:47]} {[%emt 00:01:06]} Rd8 {[%clk 01:09:48]} {[%emt 00:02:38]} 17. Rg1
{[%clk 00:51:05]} {[%emt 00:07:12]} Ke7 {[%clk 01:06:35]} {[%emt 00:03:44]} 18.
Qb4+ {[%clk 00:47:22]} {[%emt 00:04:12]} Kf6 {[%clk 01:05:49]} {[%emt
00:01:16]} 19. f5 {[%clk 00:30:53]} {[%emt 00:17:00]} Qxh2 {[%clk 01:01:54]}
{[%emt 00:04:24]} 20. Qd4+ {[%clk 00:18:49]} {[%emt 00:12:33]} Ke7 {[%clk
01:01:34]} {[%emt 00:00:51]} 21. f4 {[%clk 00:16:43]} {[%emt 00:02:37]} Bc6
{[%clk 01:00:23]} {[%emt 00:01:41]} 22. Qc5+ {[%clk 00:15:16]} {[%emt
00:01:56]} Kf6 {[%clk 01:00:31]} {[%emt 00:00:22]} 23. Qe5+ {[%clk 00:14:31]}
{[%emt 00:01:16]} Ke7 {[%clk 00:59:56]} {[%emt 00:01:03]} 24. Qc7+ {[%clk
00:14:28]} {[%emt 00:00:35]} Rd7 {[%clk 00:59:57]} {[%emt 00:00:29]} 25. Rxd7+
{[%clk 00:14:49]} {[%emt 00:00:09]} Bxd7 {[%clk 01:00:22]} {[%emt 00:00:04]}
26. fxe6 {[%clk 00:14:21]} {[%emt 00:00:58]} Rd8 {[%clk 00:59:19]} {[%emt
00:01:33]} 27. Rxg7 {[%clk 00:13:15]} {[%emt 00:01:36]} Qf2 {[%clk 00:58:15]}
{[%emt 00:01:34]} 28. Rxf7+ {[%clk 00:11:05]} {[%emt 00:02:40]} Ke8 {[%clk
00:56:55]} {[%emt 00:01:46]} 29. Rf8+ {[%clk 00:08:36]} {[%emt 00:03:02]} Kxf8
{[%clk 00:57:17]} {[%emt 00:00:08]} 30. Qxd8+ {[%clk 00:09:04]} {[%emt
00:00:02]} Kg7 {[%clk 00:57:38]} {[%emt 00:00:08]} 31. Qg5+ {[%clk 00:09:31]}
{[%emt 00:00:03]} Kh8 {[%clk 00:56:52]} {[%emt 00:01:16]} 32. Qf6+ {[%clk
00:09:57]} {[%emt 00:00:04]} Kg8 {[%clk 00:57:04]} {[%emt 00:00:18]} 33. Qf7+
{[%clk 00:10:25]} {[%emt 00:00:02]} Kh8 {[%clk 00:57:26]} {[%emt 00:00:08]} 34.
Qf8# {[%clk 00:10:52]} 1-0

[Event "DEM U12w 2024"]
[Site "Willingen GER"]
[Date "2024.05.22"]
[Round "5"]
[White "Stiehler, Mara"]
[Black "Baklan, Kira"]
[Result "1-0"]
[Termination "normal"]
[Board "12"]
[WhiteElo "1739"]
[BlackElo "1264"]
[WhiteClock "00:38:15"]
[BlackClock "01:35:19"]
[PlyCount "111"]
[WhiteFideId "34621199"]
[BlackFideId "34186514"]
[EventCountry "GER"]
[EventRounds "9"]
[EventType "swiss"]
[EventDate "2024.05.18"]

1. e4 {[%clk 01:30:58]} {[%emt 00:00:02]} e5 {[%clk 01:30:54]} {[%emt
00:00:06]} 2. Nf3 {[%clk 01:31:23]} {[%emt 00:00:05]} Nf6 {[%clk 01:31:19]}
{[%emt 00:00:06]} 3. d4 {[%clk 01:31:47]} {[%emt 00:00:06]} exd4 {[%clk
01:31:20]} {[%emt 00:00:28]} 4. e5 {[%clk 01:32:11]} {[%emt 00:00:06]} Ng4
{[%clk 01:30:56]} {[%emt 00:00:54]} 5. Qxd4 {[%clk 01:30:20]} {[%emt 00:02:21]}
d6 {[%clk 01:31:10]} {[%emt 00:00:17]} 6. exd6 {[%clk 01:28:21]} {[%emt
00:02:29]} Qxd6 {[%clk 01:31:26]} {[%emt 00:00:13]} 7. Qe4+ {[%clk 01:27:00]}
{[%emt 00:01:50]} Qe7 {[%clk 01:31:22]} {[%emt 00:00:35]} 8. Nc3 {[%clk
01:25:41]} {[%emt 00:01:49]} Qxe4+ {[%clk 01:31:37]} {[%emt 00:00:15]} 9. Nxe4
{[%clk 01:26:02]} {[%emt 00:00:09]} Bf5 {[%clk 01:31:49]} {[%emt 00:00:16]} 10.
Bd3 {[%clk 01:26:00]} {[%emt 00:00:33]} Bxe4 {[%clk 01:31:47]} {[%emt
00:00:33]} 11. Bxe4 {[%clk 01:26:16]} {[%emt 00:00:14]} Nc6 {[%clk 01:32:03]}
{[%emt 00:00:14]} 12. Bxc6+ {[%clk 01:24:33]} {[%emt 00:02:14]} bxc6 {[%clk
01:32:27]} {[%emt 00:00:06]} 13. h3 {[%clk 01:22:27]} {[%emt 00:02:36]} Nf6
{[%clk 01:32:48]} {[%emt 00:00:10]} 14. Be3 {[%clk 01:21:21]} {[%emt 00:01:35]}
Bb4+ {[%clk 01:32:47]} {[%emt 00:00:31]} 15. c3 {[%clk 01:20:32]} {[%emt
00:01:19]} Ba5 {[%clk 01:33:05]} {[%emt 00:00:13]} 16. Ne5 {[%clk 01:19:32]}
{[%emt 00:01:29]} Bb6 {[%clk 01:30:23]} {[%emt 00:03:13]} 17. Nxc6 {[%clk
01:18:22]} {[%emt 00:01:41]} Bxe3 {[%clk 01:30:14]} {[%emt 00:00:39]} 18. fxe3
{[%clk 01:18:44]} {[%emt 00:00:08]} O-O {[%clk 01:30:30]} {[%emt 00:00:14]} 19.
O-O-O {[%clk 01:16:58]} {[%emt 00:02:16]} Rfe8 {[%clk 01:30:42]} {[%emt
00:00:17]} 20. Rhe1 {[%clk 01:16:07]} {[%emt 00:01:21]} Re6 {[%clk 01:30:06]}
{[%emt 00:01:04]} 21. Nd4 {[%clk 01:14:29]} {[%emt 00:02:11]} Rb6 {[%clk
01:28:56]} {[%emt 00:01:38]} 22. e4 {[%clk 01:11:12]} {[%emt 00:03:49]} c5
{[%clk 01:28:56]} {[%emt 00:00:30]} 23. Nf5 {[%clk 01:09:34]} {[%emt 00:02:07]}
g6 {[%clk 01:28:55]} {[%emt 00:00:31]} 24. Ng3 {[%clk 01:07:27]} {[%emt
00:02:36]} Rab8 {[%clk 01:28:48]} {[%emt 00:00:38]} 25. b3 {[%clk 01:05:53]}
{[%emt 00:02:04]} a5 {[%clk 01:27:56]} {[%emt 00:01:22]} 26. e5 {[%clk
00:56:16]} {[%emt 00:10:07]} Ne8 {[%clk 01:28:01]} {[%emt 00:00:25]} 27. Ne4
{[%clk 00:55:38]} {[%emt 00:01:07]} Rc8 {[%clk 01:26:36]} {[%emt 00:01:57]} 28.
Nd6 {[%clk 00:52:47]} {[%emt 00:03:21]} Ra8 {[%clk 01:26:01]} {[%emt 00:01:05]}
29. Rf1 {[%clk 00:50:07]} {[%emt 00:03:10]} Nxd6 {[%clk 01:26:13]} {[%emt
00:00:18]} 30. exd6 {[%clk 00:50:10]} {[%emt 00:00:27]} Rd8 {[%clk 01:26:33]}
{[%emt 00:00:08]} 31. Rd5 {[%clk 00:38:42]} {[%emt 00:12:00]} Rc6 {[%clk
01:26:37]} {[%emt 00:00:27]} 32. Rf2 {[%clk 00:36:29]} {[%emt 00:02:43]} Rdxd6
{[%clk 01:26:57]} {[%emt 00:00:10]} 33. Rxd6 {[%clk 00:33:50]} {[%emt
00:03:09]} Rxd6 {[%clk 01:27:22]} {[%emt 00:00:05]} 34. Kb2 {[%clk 00:34:02]}
{[%emt 00:00:18]} Rb6 {[%clk 01:27:37]} {[%emt 00:00:14]} 35. Ka3 {[%clk
00:34:01]} {[%emt 00:00:30]} Rc6 {[%clk 01:27:29]} {[%emt 00:00:38]} 36. Ka4
{[%clk 00:33:46]} {[%emt 00:00:46]} c4 {[%clk 01:27:31]} {[%emt 00:00:28]} 37.
Kb5 {[%clk 00:33:56]} {[%emt 00:00:19]} Rc8 {[%clk 01:27:52]} {[%emt 00:00:09]}
38. bxc4 {[%clk 00:34:01]} {[%emt 00:00:25]} Ra8 {[%clk 01:28:18]} {[%emt
00:00:04]} 39. c5 {[%clk 00:34:09]} {[%emt 00:00:22]} Kf8 {[%clk 01:28:44]}
{[%emt 00:00:04]} 40. Re2 {[%clk 00:34:13]} {[%emt 00:00:25]} a4 {[%clk
01:29:00]} {[%emt 00:00:14]} 41. c6 {[%clk 00:34:26]} {[%emt 00:00:17]} a3
{[%clk 01:29:28]} {[%emt 00:00:03]} 42. c7 {[%clk 00:34:32]} {[%emt 00:00:23]}
Rc8 {[%clk 01:29:45]} {[%emt 00:00:13]} 43. Kc6 {[%clk 00:34:47]} {[%emt
00:00:16]} f5 {[%clk 01:30:09]} {[%emt 00:00:05]} 44. Kb7 {[%clk 00:35:06]}
{[%emt 00:00:11]} Rxc7+ {[%clk 01:30:35]} {[%emt 00:00:04]} 45. Kxc7 {[%clk
00:35:28]} {[%emt 00:00:07]} g5 {[%clk 01:31:00]} {[%emt 00:00:05]} 46. Kd6
{[%clk 00:35:35]} {[%emt 00:00:23]} g4 {[%clk 01:31:25]} {[%emt 00:00:05]} 47.
hxg4 {[%clk 00:35:43]} {[%emt 00:00:21]} fxg4 {[%clk 01:31:53]} {[%emt
00:00:03]} 48. c4 {[%clk 00:36:03]} {[%emt 00:00:11]} Kg7 {[%clk 01:32:18]}
{[%emt 00:00:04]} 49. c5 {[%clk 00:36:23]} {[%emt 00:00:10]} h5 {[%clk
01:32:44]} {[%emt 00:00:03]} 50. c6 {[%clk 00:36:48]} {[%emt 00:00:05]} h4
{[%clk 01:33:12]} {[%emt 00:00:03]} 51. c7 {[%clk 00:37:06]} {[%emt 00:00:12]}
h3 {[%clk 01:33:39]} {[%emt 00:00:03]} 52. gxh3 {[%clk 00:37:30]} {[%emt
00:00:06]} gxh3 {[%clk 01:34:05]} {[%emt 00:00:04]} 53. c8=Q {[%clk 00:37:51]}
{[%emt 00:00:09]} h2 {[%clk 01:34:31]} {[%emt 00:00:03]} 54. Qg4+ {[%clk
00:38:05]} {[%emt 00:00:15]} Kf7 {[%clk 01:34:56]} {[%emt 00:00:07]} 55. Rf2+
{[%clk 00:38:24]} {[%emt 00:00:11]} Ke8 {[%clk 01:35:19]} {[%emt 00:00:07]} 56.
Qg8# {[%clk 00:38:15]} {[%emt 00:00:08]} 1-0

[Event "DEM U12w 2024"]
[Site "Willingen GER"]
[Date "2024.05.22"]
[Round "5"]
[White "Fruth, Julia"]
[Black "Lu, Sheng"]
[Result "1-0"]
[Termination "normal"]
[Board "13"]
[WhiteElo "1641"]
[BlackElo "1590"]
[WhiteClock "00:59:54"]
[BlackClock "00:59:17"]
[PlyCount "31"]
[WhiteFideId "34603050"]
[BlackFideId "34628061"]
[EventCountry "GER"]
[EventRounds "9"]
[EventType "swiss"]
[EventDate "2024.05.18"]

1. e4 {[%clk 01:30:57]} {[%emt 00:00:03]} e5 {[%clk 01:30:55]} {[%emt
00:00:05]} 2. Nf3 {[%clk 01:31:12]} {[%emt 00:00:13]} Nc6 {[%clk 01:31:19]}
{[%emt 00:00:08]} 3. d4 {[%clk 01:31:22]} {[%emt 00:00:19]} exd4 {[%clk
01:31:37]} {[%emt 00:00:13]} 4. Nxd4 {[%clk 01:31:31]} {[%emt 00:00:21]} Bc5
{[%clk 01:31:58]} {[%emt 00:00:10]} 5. Nf5 {[%clk 01:31:49]} {[%emt 00:00:11]}
Qf6 {[%clk 01:29:24]} {[%emt 00:03:03]} 6. Nc3 {[%clk 01:32:01]} {[%emt
00:00:18]} Bb6 {[%clk 01:26:16]} {[%emt 00:03:38]} 7. Bc4 {[%clk 01:24:25]}
{[%emt 00:08:07]} Nge7 {[%clk 01:21:49]} {[%emt 00:04:57]} 8. Ne3 {[%clk
01:24:34]} {[%emt 00:00:20]} O-O {[%clk 01:19:09]} {[%emt 00:03:11]} 9. O-O
{[%clk 01:24:22]} {[%emt 00:00:42]} d6 {[%clk 01:17:02]} {[%emt 00:02:38]} 10.
Kh1 {[%clk 01:19:16]} {[%emt 00:05:35]} Ng6 {[%clk 01:14:02]} {[%emt 00:03:30]}
11. Be2 {[%clk 01:13:06]} {[%emt 00:06:39]} Re8 {[%clk 01:09:13]} {[%emt
00:05:20]} 12. f4 {[%clk 01:04:29]} {[%emt 00:09:07]} Bd7 {[%clk 01:04:02]}
{[%emt 00:05:41]} 13. f5 {[%clk 01:03:37]} {[%emt 00:01:21]} Nge5 {[%clk
01:02:20]} {[%emt 00:02:13]} 14. Ned5 {[%clk 01:03:24]} {[%emt 00:00:43]} Qd8
{[%clk 01:01:33]} {[%emt 00:01:16]} 15. f6 {[%clk 01:02:15]} {[%emt 00:01:39]}
g6 {[%clk 00:59:17]} {[%emt 00:02:47]} 16. Qd2 {[%clk 00:59:54]} {[%emt
00:02:50]} 1-0